[Event "ROU-ch Men 2018"]
[Site "Olanesti"]
[Date "2018.05.20"]
[Round "7"]
[White "Rauca, Horatiu-Augustin"]
[Black "Pislariu, Stefanel-Vasilica"]
[Result "1-0"]
[WhiteElo "1897"]
[BlackElo "1863"]
[Annotator "NA"]
[PlyCount "77"]
[EventDate "2018.??.??"]
[EventType "swiss"]
[EventCountry "ROU"]
[SourceTitle "playchess.com"]
[Source "ChessBase"]
[SourceQuality "1"]
[TimeControl "40/5400+30:1800+30"]

1. e4 {[%emt 0:00:00]} d6 {[%emt 0:00:33]} 2. d4 {[%emt 0:00:13]} Nf6 {[%emt 0:01:13]} 3. Nc3 {[%emt 0:00:22]} g6 {[%emt 0:00:13]} 4. Be3 {[%emt 0:01:09]} Bg7 {[%emt 0:01:06]} 5. f3 {[%emt 0:00:09]} O-O {[%emt 0:00:38]} 6. Qd2 {[%emt 0:00:06]} e5 {[%emt 0:01:44]} 7. Nge2 {[%emt 0:03:46]} Nc6 {[%emt 0:01:53]} 8. O-O-O {[%emt 0:07:44]} a6 {[%emt 0:01:23]} 9. Bh6 {[%emt 0:12:47]} b5 {[%emt 0:09:48]} 10. h4 {[%emt 0:01:59]} Qe7 {[%emt 0:15:57]} 11. h5 {[%emt 0:06:45]} Nxh5 {[%emt 0:08:06]} 12. Nd5 {[%emt 0:00:30]} Qd8 {[%emt 0:16:18]} 13. g4 {[%emt 0:06:15]} Nf4 {[%emt 0:02:40]} 14. Bxg7 {[%emt 0:01:16]} Kxg7 {[%emt 0:01:40]} 15. Nexf4 {[%emt 0:00:11]} exf4 {[%emt 0:01:13]} 16. Qxf4 {[%emt 0:00:43]} h5 {[%emt 0:04:04]} 17. gxh5 {[%emt 0:02:36]} g5 {[%emt 0:00:11]} 18. h6+ {[%emt 0:03:52]} Kg6 {[%emt 0:01:47]} 19. Qh2 {[%emt 0:01:34]} Kh7 {[%emt 0:00:43]} 20. e5 {[%emt 0:06:21]} f5 {[%emt 0:05:29]} 21. exf6 {[%emt 0:11:30]} Bf5 {[%emt 0:00:28]} 22. Qh5 {[%emt 0:03:57]} Rxf6 {[%emt 0:02:46]} 23. Nxf6+ {[%emt 0:05:00]} Qxf6 {[%emt 0:00:04]} 24. Bd3 {[%emt 0:04:17]} Nxd4 {[%emt 0:01:22]} 25. Kb1 {[%emt 0:05:32]} Bxd3 {[%emt 0:03:08]} 26. Rxd3 {[%emt 0:00:26]} Ne2 {[%emt 0:00:36]} 27. Qg4 {[%emt 0:01:27]} Re8 {[%emt 0:00:29]} 28. a3 {[%emt 0:02:44]} Nf4 {[%emt 0:03:29]} 29. Rdd1 {[%emt 0:00:49]} Ng6 {[%emt 0:07:17]} 30. Rh5 {[%emt 0:02:33]} Re5 {[%emt 0:02:42]} 31. Rg1 {[%emt 0:00:56]} Qe6 {[%emt 0:02:51]} 32. Qxe6 {[%emt 0:00:22]} Rxe6 {[%emt 0:00:04]} 33. Rgxg5 {[%emt 0:00:20]} c5 {[%emt 0:00:30]} 34. Rf5 {[%emt 0:00:19]} Re5 {[%emt 0:01:28]} 35. Rf7+ {[%emt 0:00:41]} Kg8 {[%emt 0:01:28]} 36. Rg7+ {[%emt 0:00:21]} Kh8 37. Rxe5 Nxe5 {[%emt 0:00:52]} 38. f4 {[%emt 0:00:49]} Nf3 {[%emt 0:00:14]} 39. Rd7 1-0

[Event "ROU-ch Men 2018"]
[Site "Olanesti"]
[Date "2018.05.20"]
[Round "7"]
[White "Bobocea, Laurentiu-Vlad"]
[Black "Rusan, Paul-Cristian"]
[Result "0-1"]
[WhiteElo "1853"]
[BlackElo "2213"]
[Annotator "NA"]
[PlyCount "84"]
[EventDate "2018.??.??"]
[EventType "swiss"]
[EventCountry "ROU"]
[SourceTitle "playchess.com"]
[Source "ChessBase"]
[SourceQuality "1"]
[TimeControl "40/5400+30:1800+30"]

1. d4 {[%emt 0:05:41]} Nf6 {[%emt 0:00:10]} 2. c4 {[%emt 0:00:08]} g6 {[%emt 0:00:20]} 3. Nc3 {[%emt 0:00:05]} Bg7 {[%emt 0:00:04]} 4. e4 {[%emt 0:00:05]} d6 {[%emt 0:00:04]} 5. Be2 {[%emt 0:00:09]} O-O {[%emt 0:00:12]} 6. Bg5 {[%emt 0:00:11]} Na6 {[%emt 0:01:35]} 7. Qd2 {[%emt 0:00:31]} e5 {[%emt 0:00:17]} 8. d5 {[%emt 0:00:11]} Nc5 {[%emt 0:00:11]} 9. f3 {[%emt 0:00:17]} h6 {[%emt 0:01:52]} 10. Be3 {[%emt 0:00:05]} a5 {[%emt 0:00:10]} 11. h4 {[%emt 0:06:40]} Nh5 {[%emt 0:14:07] E73: Königsindisch (Awerbach-Angriff)} 12. Bxh6 {[%emt 0:02:08]} Ng3 {[%emt 0:03:13]} 13. Rh2 {[%emt 0:00:18]} f5 {[%emt 0:08:59]} 14. Bxg7 {[%emt 0:02:57]} Kxg7 {[%emt 0:00:33] [#]} 15. Bd3 $146 {[%emt 0:07:04]} ({Vorgänger:} 15. exf5 Bxf5 16. Kf2 Nh5 17. g3 Qf6 18. Nh3 e4 19. f4 {½-½ (67) Ivanov,S (2545)-Zakharevich,I (2430) Kazan 1995}) 15... f4 {[%emt 0:07:51]} 16. Nge2 {[%emt 0:03:00]} Bd7 {[%emt 0:02:13]} 17. O-O-O {[%emt 0:04:29]} Rh8 {[%emt 0:01:23]} 18. Nxg3 {[%emt 0:04:25]} fxg3 {[%emt 0:00:29]} 19. Rhh1 {[%emt 0:00:02]} Rxh4 {[%emt 0:01:04]} 20. Bc2 {[%emt 0:03:02]} Qh8 {[%emt 0:08:12]} 21. Rxh4 {[%emt 0:02:59]} Qxh4 {[%emt 0:00:34]} 22. Ne2 {[%emt 0:03:24]} b5 {[%emt 0:03:26]} 23. cxb5 {[%emt 0:14:30]} Bxb5 {[%emt 0:01:18]} 24. Nc3 {[%emt 0:00:05]} Bd7 {[%emt 0:01:36]} 25. Kb1 {[%emt 0:01:47]} g5 {[%emt 0:16:59]} 26. Qc1 {[%emt 0:13:15]} Rh8 {[%emt 0:01:01]} 27. Bd3 {[%emt 0:01:36]} Qf4 {[%emt 0:05:10]} 28. Ne2 {[%emt 0:09:32]} Qxc1+ {[%emt 0:00:48]} 29. Kxc1 {[%emt 0:00:12]} Rh2 {[%emt 0:03:20]} 30. Nxg3 {[%emt 0:09:35]} Rxg2 {[%emt 0:01:21]} 31. Nf1 {[%emt 0:02:14]} Rf2 {[%emt 0:02:28]} 32. Bc2 {[%emt 0:00:50]} Rxf3 {[%emt 0:01:39]} 33. Nd2 {[%emt 0:00:04]} Rf4 {[%emt 0:01:16]} 34. Rg1 {[%emt 0:01:26]} g4 {[%emt 0:03:09]} 35. Kd1 {[%emt 0:01:38]} Bb5 {[%emt 0:04:55]} 36. Nb1 {[%emt 0:01:47]} Nxe4 {[%emt 0:01:51]} 37. Bxe4 {[%emt 0:00:06]} Rxe4 {[%emt 0:00:11]} 38. Nc3 {[%emt 0:00:02]} Rd4+ {[%emt 0:00:10]} 39. Kc2 {[%emt 0:01:25]} Bd7 {[%emt 0:03:25]} 40. Rd1 {[%emt 0:00:00]} Kf6 {[%emt 0:01:35]} 41. Rf1+ {[%emt 0:01:28]} Bf5+ $19 {[%emt 0:02:37]} 42. Kc1 {[%emt 0:00:59]} Kg5 {[%emt 0:00:49]} 0-1

[Event "ROU-ch Men 2018"]
[Site "Olanesti"]
[Date "2018.05.20"]
[Round "7"]
[White "Cenusa, Mihai"]
[Black "Albu, George"]
[Result "1/2-1/2"]
[WhiteElo "1819"]
[BlackElo "2038"]
[Annotator "NA"]
[PlyCount "186"]
[EventDate "2018.??.??"]
[EventType "swiss"]
[EventCountry "ROU"]
[SourceTitle "playchess.com"]
[Source "ChessBase"]
[SourceQuality "1"]
[TimeControl "40/5400+30:1800+30"]

1. e4 {[%emt 0:00:00]} c5 {[%emt 0:00:06]} 2. Nf3 {[%emt 0:00:00]} e6 {[%emt 0:00:09]} 3. Nc3 {[%emt 0:00:37]} Nc6 {[%emt 0:00:09]} 4. d4 {[%emt 0:00:28]} cxd4 {[%emt 0:00:07]} 5. Nxd4 {[%emt 0:00:06]} Qc7 {[%emt 0:00:19]} 6. Nxc6 {[%emt 0:04:41]} dxc6 {[%emt 0:00:10]} 7. g3 $146 {[%emt 0:01:34] B47: Sicilian: Taimanov: 5 Nc3 Qc7 6 f4, 6 g3 and 6 Be2} ({Predecessor:} 7. f4 e5 8. f5 Nf6 9. Qf3 Bc5 10. Bg5 b5 11. O-O-O Bb7 12. Kb1 a6 13. g4 Bd6 14. Be3 O-O-O {1-0 (32) Jakubiec,A (2547)-Stefansson,H (2573) Czechia 2010}) 7... e5 {[%emt 0:00:16]} 8. Bc4 {[%emt 0:01:35]} Nf6 {[%emt 0:00:40]} 9. Be3 {[%emt 0:05:07]} b5 {[%emt 0:02:58]} 10. Bd3 {[%emt 0:00:35]} Bh3 {[%emt 0:06:58]} 11. f3 {[%emt 0:03:27]} h5 {[%emt 0:02:44]} 12. Qe2 {[%emt 0:00:29]} Be7 {[%emt 0:05:57]} 13. a4 {[%emt 0:02:49]} b4 {[%emt 0:01:02]} 14. Nd1 {[%emt 0:00:05]} Be6 {[%emt 0:07:19]} 15. b3 {[%emt 0:01:25]} Nh7 {[%emt 0:11:38]} 16. f4 {[%emt 0:00:56]} Bg4 {[%emt 0:11:37]} 17. Qf2 {[%emt 0:01:27]} Bxd1 {[%emt 0:09:26]} 18. Rxd1 {[%emt 0:00:23]} Nf6 {[%emt 0:00:18]} 19. h3 {[%emt 0:03:43]} Bd6 {[%emt 0:04:50]} 20. f5 {[%emt 0:02:47]} Nd7 {[%emt 0:02:17]} 21. O-O {[%emt 0:00:59]} a5 {[%emt 0:08:49]} 22. Rd2 {[%emt 0:02:48]} Qb8 {[%emt 0:17:27]} 23. Rfd1 {[%emt 0:00:54]} Nf6 {[%emt 0:00:15]} 24. Qf3 {[%emt 0:00:38]} Bc7 {[%emt 0:00:28]} 25. Kg2 {[%emt 0:01:23]} Qb7 {[%emt 0:01:24]} 26. Bc4 {[%emt 0:00:58]} Rd8 {[%emt 0:00:59]} 27. Bg5 {[%emt 0:02:16]} Rxd2+ {[%emt 0:00:33]} 28. Rxd2 {[%emt 0:00:06]} Bb6 {[%emt 0:00:31]} 29. Rd6 {[%emt 0:04:09]} Ke7 {[%emt 0:01:21]} 30. Rd3 {[%emt 0:02:04]} Qa7 {[%emt 0:00:33]} 31. Qe2 {[%emt 0:12:03]} Bc5 {[%emt 0:00:21]} 32. Kf3 {[%emt 0:00:41]} Bd4 {[%emt 0:00:45]} 33. Kg2 {[%emt 0:03:39]} Bc5 {[%emt 0:00:07]} 34. Kf1 {[%emt 0:00:19]} Bd4 {[%emt 0:00:27]} 35. Bd2 {[%emt 0:03:46]} Rd8 {[%emt 0:00:49]} 36. Bg5 {[%emt 0:00:58]} Rh8 {[%emt 0:00:07]} 37. Kg2 {[%emt 0:02:35]} Qb6 {[%emt 0:00:19]} 38. Kf3 {[%emt 0:00:17]} Qa7 {[%emt 0:00:10]} 39. Rd1 {[%emt 0:00:25]} Rd8 {[%emt 0:00:38]} 40. Rd3 {[%emt 0:00:00]} Rh8 {[%emt 0:01:27]} 41. Be3 {[%emt 0:05:32]} Bxe3 {[%emt 0:03:48]} 42. Qxe3 {[%emt 0:00:50]} Qxe3+ {[%emt 0:00:25]} 43. Kxe3 {[%emt 0:00:08]} h4 {[%emt 0:05:13]} 44. g4 {[%emt 0:00:23]} Nh7 {[%emt 0:00:20]} 45. Rd1 Ng5 {[%emt 0:00:14]} 46. Bf1 {[%emt 0:02:00]} Rc8 {[%emt 0:01:15]} 47. Bg2 {[%emt 0:01:14]} f6 {[%emt 0:00:57]} 48. Rc1 {[%emt 0:03:20]} Kd6 {[%emt 0:01:07]} 49. c3 {[%emt 0:00:42]} bxc3 {[%emt 0:00:34]} 50. Kd3 {[%emt 0:02:43]} Rb8 {[%emt 0:00:42]} 51. Kxc3 {[%emt 0:02:19]} Rb4 {[%emt 0:00:13]} 52. Rd1+ {[%emt 0:00:33]} Kc7 {[%emt 0:01:44]} 53. Re1 {[%emt 0:00:09]} Nf7 {[%emt 0:07:35]} 54. Re3 {[%emt 0:00:13]} Nd6 {[%emt 0:00:36]} 55. Kc2 {[%emt 0:04:27]} c5 {[%emt 0:02:40]} 56. Rc3 {[%emt 0:04:59]} Kc6 {[%emt 0:00:33]} 57. Kd3 {[%emt 0:00:37]} Rd4+ {[%emt 0:01:18]} 58. Ke3 {[%emt 0:01:00]} c4 {[%emt 0:00:37]} 59. Kf3 {[%emt 0:01:18]} Kc5 {[%emt 0:00:26]} 60. Re3 {[%emt 0:08:42]} Kb4 {[%emt 0:01:18]} 61. bxc4 {[%emt 0:02:11]} Nxc4 {[%emt 0:00:10]} 62. Re1 {[%emt 0:03:59]} Rd3+ {[%emt 0:00:58]} 63. Kf2 {[%emt 0:00:57]} Kxa4 {[%emt 0:02:07]} 64. Bf1 {[%emt 0:03:32]} Rd2+ {[%emt 0:00:37]} 65. Kf3 {[%emt 0:01:10]} Na3 {[%emt 0:00:55]} 66. Rc1 {[%emt 0:02:04]} Rd7 {[%emt 0:01:02]} 67. g5 {[%emt 0:01:06]} fxg5 {[%emt 0:02:04]} 68. Kg4 {[%emt 0:00:25]} Re7 {[%emt 0:03:23]} 69. Kxg5 {[%emt 0:00:36]} Kb3 {[%emt 0:00:04]} 70. Rc6 {[%emt 0:01:19]} Nc2 {[%emt 0:00:56]} 71. Bc4+ {[%emt 0:04:03]} Kb4 {[%emt 0:00:46]} 72. Bg8 {[%emt 0:01:56]} Nd4 {[%emt 0:01:01]} 73. Rc8 {[%emt 0:00:39]} a4 {[%emt 0:01:07]} 74. Kxh4 {[%emt 0:01:33]} Nb5 {[%emt 0:00:51]} 75. Rb8 {[%emt 0:01:24]} Kc5 {[%emt 0:01:09]} 76. Kg5 {[%emt 0:00:14]} Nd6 {[%emt 0:00:51]} 77. Bd5 {[%emt 0:00:13]} Ne8 {[%emt 0:00:32]} 78. Rc8+ {[%emt 0:04:10]} Nc7 {[%emt 0:01:20]} 79. f6 {[%emt 0:00:23]} gxf6+ {[%emt 0:00:04]} 80. Kxf6 {[%emt 0:00:07]} Rh7 {[%emt 0:00:22]} 81. Kg6 $14 {[%emt 0:00:33]} Rd7 {[%emt 0:00:30]} 82. h4 {[%emt 0:00:21]} Kd4 {[%emt 0:00:54]} 83. Bf7 {[%emt 0:01:02]} Kxe4 {[%emt 0:00:44]} 84. h5 {[%emt 0:00:27]} Nd5 {[%emt 0:01:12]} 85. Rc4+ {[%emt 0:02:39]} Kd3 {[%emt 0:00:10]} 86. Bxd5 {[%emt 0:00:32]} Rxd5 {[%emt 0:00:06]} 87. Rxa4 {[%emt 0:00:11]} e4 {[%emt 0:00:11]} 88. h6 {[%emt 0:02:14]} Rd6+ {[%emt 0:00:04]} 89. Kg5 {[%emt 0:00:15]} Rd7 {[%emt 0:00:21]} 90. Ra1 {[%emt 0:00:31]} Rb7 {[%emt 0:00:39]} 91. Rh1 {[%emt 0:00:32]} e3 {[%emt 0:00:15]} 92. h7 {[%emt 0:01:07]} Rxh7 {[%emt 0:00:12]} 93. Rxh7 {[%emt 0:00:04]} e2 {[%emt 0:00:09]} 1/2-1/2

[Event "ROU-ch Men 2018"]
[Site "Olanesti"]
[Date "2018.05.21"]
[Round "8"]
[White "Szabo, Gergely-Andras-Gyul"]
[Black "Deac, Bogdan-Daniel"]
[Result "0-1"]
[WhiteElo "2541"]
[BlackElo "2575"]
[Annotator "TA"]
[PlyCount "96"]
[EventDate "2018.??.??"]
[EventType "swiss"]
[EventCountry "ROU"]
[SourceTitle "playchess.com"]
[Source "ChessBase"]
[SourceQuality "1"]

{[%evp 18,96,18,8,11,3,8,19,14,0,10,12,15,0,0,-3,0,8,22,12,11,10,14,0,27,13,21,17,26,24,25,26,22,0,0,0,0,0,0,0,0,-25,-28,-24,-27,-75,0,-187,-66,-102,-79,-67,-34,-49,-33,-34,-41,-131,-134,-121,-112,-333,-320,-452,-452,-437,-447,-485,-470,-387,-372,-466,-459,-502,-513,-539,-539,-879,-842,-872,-864]} 1. d4 Nf6 2. c4 e6 3. Nc3 Bb4 4. e3 O-O 5. Bd3 d5 6. Nf3 b6 7. cxd5 {E52: Nimzoindisch (Moderne Variante)} (7. O-O Ba6 8. Qe2 c5 9. dxc5 Nbd7 10. cxd5 Bxd3 11. Qxd3 Nxc5 12. Qb5 Bxc3 13. dxe6 fxe6 14. bxc3 Nfe4 15. Nd4 {½-½ (49) Mamedyarov,S (2799)-Bocharov,D (2583) Riadh 2017}) 7... exd5 8. O-O Ba6 9. Bxa6 Nxa6 10. Bd2 {LiveBook: 13 Partien} Qc8 11. Rc1 Qb7 12. a3 $146 ({Vorgänger:} 12. Qc2 c5 13. dxc5 bxc5 14. Rfd1 Rfe8 15. a3 Bxc3 16. Bxc3 {½-½ (76) Peralta,F (2590)-Rodshtein,M (2687) Baku 2016}) 12... Be7 13. b4 c6 14. Ne5 Rac8 15. Qf3 Nc7 {[%cal Ba6c7,Bc7b5,Bb5d6,Bd6c4][%mdl 32]} 16. Rc2 Nb5 17. Nb1 {[%cal Bc3b1,Bb1d2,Bd2b3,Bb3c5][%mdl 32]} Rc7 18. Rfc1 {Weiss will a4 spielen.} Rfc8 19. Be1 Nd6 20. Nd2 b5 21. Nb3 Nc4 22. Ra2 Bd6 23. Nd3 Re7 24. a4 a6 25. axb5 axb5 26. Nbc5 Qc7 27. Qh3 Rce8 28. Rca1 g6 29. Bc3 h5 30. g3 Kg7 31. Qg2 h4 (31... Qc8 $17) 32. Qf3 $2 (32. Ra8 $11) 32... Qc8 ({Besser ist} 32... Ne4 $19 33. Ra7 Qxa7 34. Rxa7 Rxa7 35. Nxe4 Rxe4) 33. Ra7 Rxa7 34. Rxa7 hxg3 (34... h3 {is more complex.} 35. Qe2 Qf5 36. Ra1 Kg8 37. Ra2 Nh7) 35. hxg3 Re7 36. Rxe7 Bxe7 37. e4 (37. Ne5 $15) 37... dxe4 $17 38. Nxe4 {[#] zielt auf d5! ab.} Nd5 $1 $36 {[%mdl 2048] Droht stark ...f5. Schwarz ist am Drücker.} 39. Ne5 $2 (39. Be1 $17 {ist wohl besser.}) 39... Qf5 $19 40. Qg2 (40. Qe2 $142 Nxc3 41. Nxc3 Bxb4 42. Nd1) 40... Nxc3 41. Nxc3 Bxb4 42. g4 Qc2 43. Ne4 Qc1+ 44. Kh2 Qf4+ {Schwarz steht klar auf Gewinn.} 45. Ng3 Bd6 46. Nxc6 Qxg4 47. Qd5 Qh4+ 48. Kg2 {[#]} Qxg3+ $1 {[%mdl 512] Precision: Weiß = 40%, Schwarz = 68%.} 0-1

[Event "ROU-ch Men 2018"]
[Site "Olanesti"]
[Date "2018.05.21"]
[Round "8"]
[White "Jianu, Vlad-Cristian"]
[Black "Istratescu, Andrei"]
[Result "1-0"]
[WhiteElo "2532"]
[BlackElo "2589"]
[Annotator "TA"]
[PlyCount "69"]
[EventDate "2018.??.??"]
[EventType "swiss"]
[EventCountry "ROU"]
[SourceTitle "playchess.com"]
[Source "ChessBase"]
[SourceQuality "1"]

{[%evp 30,69,70,74,97,104,147,144,162,153,203,185,204,206,288,286,387,391,356,362,365,356,356,362,361,365,366,358,392,338,330,322,306,324,302,289,353,339,2521,2517,1847,1732]} 1. d4 Nf6 2. c4 e6 3. Nc3 d5 4. cxd5 exd5 5. Bg5 c6 6. e3 Be7 7. Bd3 Nbd7 {[%cal Bb8d7,Bd7f8,Bf8e6][%mdl 32]} 8. h3 O-O 9. Qc2 Re8 10. Nf3 Nf8 11. O-O g6 12. Bh6 Ne6 {D36: Queen's Gambit Declined: Exchange Variation: Main line (5 Bg5 c6 6 Qc2)} 13. Ne5 Ng7 14. g4 Nd7 15. f4 {[%cal Bf2f4,Bf4f5][%mdl 32]} Bf8 16. Qf2 {LiveBook: 3 Games} f6 17. Nf3 Ne6 18. Bxf8 {[#]} Nexf8 $146 ({Predecessor:} 18... Ndxf8 19. f5 gxf5 20. gxf5 {1-0 (43) Shchekachev,A (2559)-Groszpeter,A (2524) Austria 2005}) 19. Rae1 Nb6 20. f5 Bd7 21. Qh4 Qe7 22. e4 dxe4 23. Nxe4 Nd5 24. g5 fxg5 25. Nexg5 Qg7 26. fxg6 Nxg6 27. Bxg6 hxg6 ({Don't play} 27... Qxg6 28. Ne5 $18) 28. Ne5 {Strongly threatening Rf7.} Bf5 {[#]} 29. Rxf5 $1 {[%mdl 512]} gxf5 30. Kh2 Rxe5 31. dxe5 Re8 32. Rg1 Qxe5+ {[#]} ({But not} 32... Rxe5 $2 33. Nf3 $18) 33. Kh1 $1 {Intending Qh7+ and mate.} Kf8 $2 ({Avoid the trap} 33... Qg7 $2 34. Nf3 $18) (33... Qh8) 34. Qh6+ $18 Ke7 35. Qh7+ {Precision: White = 100%, Black = 37%.} 1-0

[Event "ROU-ch Men 2018"]
[Site "Olanesti"]
[Date "2018.05.21"]
[Round "8"]
[White "Nevednichy, Vladislav"]
[Black "Georgescu, Tiberiu-Marian"]
[Result "0-1"]
[WhiteElo "2532"]
[BlackElo "2476"]
[Annotator "TA"]
[PlyCount "80"]
[EventDate "2018.??.??"]
[EventType "swiss"]
[EventCountry "ROU"]
[SourceTitle "playchess.com"]
[Source "ChessBase"]
[SourceQuality "1"]

{[%evp 18,80,13,6,0,0,0,0,0,0,0,0,16,11,22,19,4,18,17,-6,55,33,35,38,26,0,0,-18,18,19,21,-16,0,-88,-66,-122,-116,-101,0,0,0,0,0,0,0,-93,0,-211,-228,-223,-196,-213,-187,-341,-241,-393,-386,-365,-306,-568,-556,-723,-648,-29986,-29987]} 1. e4 e5 2. Nf3 Nc6 3. d4 exd4 4. Nxd4 Nf6 5. Nxc6 bxc6 6. Qe2 {C45: Scotch Game} (6. e5 Qe7 7. Qe2 Nd5 8. h4 a5 9. c4 Nb6 10. Nd2 Qe6 11. Nf3 Bb4+ 12. Bd2 Bxd2+ 13. Nxd2 O-O 14. O-O-O Re8 15. f4 d6 16. Rh3 {½-½ (33) Nakamura,H (2787)-Robson,R (2660) Saint Louis 2018}) 6... Bc5 7. e5 Nd5 8. c4 Ne7 9. Be3 Bxe3 10. Qxe3 {LiveBook: 4 Games} O-O 11. Nc3 Ng6 12. O-O-O Qe7 13. f4 $146 {[%cal Bf2f4,Bf4f5][%mdl 32]} d6 $1 {[%cal Rd6e5]} 14. Bd3 dxe5 15. f5 Nf4 16. Be4 {With the idea g3.} Qb4 17. g3 Rb8 {[%csl Gb8][%cal Rb4b2]} 18. b3 $132 {[%mdl 2048] White is not keeping still} Qa3+ ({Black should play} 18... Nh5 $11) 19. Kc2 (19. Kb1 $5 {[%cal Rg3f4]} Nh5 20. Bc2 $11) 19... Nh5 $1 20. Rhf1 Nf6 21. g4 a5 ({Don't play} 21... Nxg4 $6 22. Qg3 $16) 22. Bxc6 Rb6 23. Bf3 a4 24. Rb1 Bd7 25. c5 (25. Qxe5 $11 axb3+ 26. axb3) 25... Rb4 26. c6 {[#]} (26. h3 $15) 26... Bc8 $1 $17 27. Qxe5 Ba6 (27... h5 $17 28. Qxc7 Nxg4 29. Bxg4 Rxg4 30. Nxa4 Rxa4 31. bxa4 Qxa2+ 32. Kc3 Ba6) 28. Rfd1 $11 {Threatens to win with h3.} Nxg4 29. Qe7 {Rd7 is the strong threat.} Rxb3 30. Qxa3 Ne3+ 31. Kd2 (31. Kc1 $1 $11 {was the only way to keep the balance.} Rxa3 32. Kb2 Nc4+ 33. Kc2) 31... Nc4+ (31... Rxa3 $17 32. Kxe3 Rxc3+ 33. Kf2 Rc2+ 34. Kg1 Rxa2) 32. Ke1 $2 (32. Kc1 $11 Rxa3 33. Kc2) 32... Rxa3 $19 33. Rdc1 Re8+ 34. Kf2 Ne5 {And now ...Nd3+ would win.} 35. Kg3 $2 {[#]} (35. Be2 Bd3 36. Rb7) 35... h5 $1 {[%mdl 512]} 36. Bxh5 $2 (36. Be4) 36... Nd3 37. Rc2 Re3+ 38. Kh4 $2 (38. Kg4 {was the only chance.} Bc4 39. Nd1 Re4+ 40. Kg3) 38... Ne5 39. Rbc1 Kh7 40. Bg4 Kh6 {Precision: White = 44%, Black = 62%.} 0-1

[Event "ROU-ch Men 2018"]
[Site "Olanesti"]
[Date "2018.05.21"]
[Round "8"]
[White "Manolache, Marius"]
[Black "Daianu, Cristian-Clement"]
[Result "1-0"]
[WhiteElo "2499"]
[BlackElo "2150"]
[Annotator "TA"]
[PlyCount "141"]
[EventDate "2018.??.??"]
[EventType "swiss"]
[EventCountry "ROU"]
[SourceTitle "playchess.com"]
[Source "ChessBase"]
[SourceQuality "1"]

{[%evp 9,141,38,55,-31,13,-1,0,-6,0,-48,-52,-42,3,-55,-1,-10,-16,-79,-2,-27,-22,-27,-20,-64,-27,-33,-33,-50,-4,-15,0,0,0,0,0,0,0,0,41,30,38,37,39,11,7,0,38,0,7,0,14,11,14,0,0,0,59,50,108,52,111,55,61,62,65,68,67,53,52,44,54,56,73,0,58,44,44,44,44,44,54,44,64,58,66,60,60,54,56,52,81,73,105,104,101,105,98,95,84,90,122,122,111,111,213,198,235,233,274,193,177,176,168,181,187,193,233,246,263,197,229,187,269,266,321,308,336,330,578,568,602,706,685,589]} 1. d4 Nf6 2. Bg5 d5 3. Nf3 Qd6 (3... c5 4. e3 Nc6 5. Nbd2 Bg4 6. dxc5 e6 7. c4 Bxc5 8. cxd5 Qxd5 9. Bxf6 gxf6 10. Bc4 Qh5 11. Qb3 O-O-O 12. Bb5 {0-1 (20) Sjugirov,S (2650)-Aronian,L (2805) Riadh 2017}) 4. Qc1 Ne4 $146 ({Predecessor:} 4... Bf5 5. e3 Nbd7 6. Bf4 Qb6 7. h3 h6 8. Be2 e6 9. Nbd2 Ne4 10. O-O Nxd2 {½-½ (10) Ferri,S (2146)-Di Bello,N (2046) Porto San Giorgio 2008}) 5. Bf4 Qb6 6. c3 {D03: 1 d4 d5 2 Nf3 Nf6 3 Bg5, including Torre Attack with early ...d5} (6. e3 $14) 6... c5 7. dxc5 Qxc5 8. Be3 {The position is equal.} Qc7 9. Qd1 (9. Bf4 $5 {[%cal Rf4c7]} Qb6 10. Be3 $11) 9... e6 10. Nbd2 Be7 11. g3 ({Better is} 11. Nxe4 $11 dxe4 12. Nd2) 11... Nf6 (11... Nc6 $15) 12. Bf4 $11 Qb6 13. Bg2 (13. Qb3 $11 {remains equal.}) 13... Nc6 ({Black should play} 13... Qxb2 $17 14. O-O O-O) 14. Nb3 O-O 15. O-O Bd7 16. Bg5 h6 17. Bf4 Rfe8 18. a4 Bf8 19. Ne5 Nxe5 20. Bxe5 Qd8 21. Bxf6 Qxf6 22. e4 Rad8 23. exd5 exd5 (23... Bc6 $5) 24. Qd4 Qxd4 25. Nxd4 Bg4 26. f3 Bd7 27. Rfd1 Rc8 28. Bf1 Bc5 29. Kf2 Bf5 30. Rd2 a6 31. Kg2 (31. a5 {is more complex.} g5 32. Kg2 Bd7 33. Bd3 Rc7 34. Bc2) 31... Bd7 32. a5 (32. f4 {feels hotter.} a5 33. Bb5 Bc6 34. Be2 g6 35. Bf3) 32... Bxd4 (32... g6 $11) 33. Rxd4 $14 Rc5 (33... Be6 $14) 34. Kf2 ({White should try} 34. c4 $1 $16) 34... Kf8 (34... Be6 $14) 35. Ra3 (35. c4 $16) 35... Rec8 36. Ke3 R8c7 37. Kd2 Be6 38. f4 g6 39. Bd3 Ke7 40. Rb4 Bc8 41. Rd4 Be6 $1 42. Be2 h5 43. Bd3 R5c6 44. Ra1 Rc5 45. Rda4 Bd7 46. Rb4 Bc8 47. Ke3 Kd6 48. h4 Re7+ 49. Kd2 Kc7 {[#]} 50. Rd4 $1 Be6 51. b4 Rc6 {[#]} 52. Re1 $1 Rd7 53. Re5 Rd8 54. Rg5 Rc8 55. f5 gxf5 56. Bxf5 ({Of course not} 56. Rxh5 $6 Rg8 $11) 56... Kd6 (56... Kb8 $16) 57. Rd3 $18 Rc4 {and the idea ...Rh8 leaves Black hopeful.} 58. Rxh5 d4 59. Bxe6 Kxe6 60. cxd4 Rxb4 {[%mdl 4096] Endgame KRR-KRR} 61. Re5+ Kd6 62. Rf5 Rb2+ 63. Ke3 Ke6 64. Re5+ Kd6 65. Kf3 Rc4 (65... f6 $142 66. Rf5 Ke6) 66. Rf5 Rcc2 67. Kg4 Rc7 68. Rdf3 Rd2 $2 (68... Rc8 69. h5 Rg8+ 70. Kh3 Rb1) 69. Rxf7 {White is clearly winning.} Rxd4+ 70. R3f4 Rxf7 71. Rxd4+ {Precision: White = 51%, Black = 37%.} 1-0